000
00315nam a2200121Ia 4500
008
240624s9999 xx 000 0 und d
041
_a
eng
082
_a
808.5 CAR
100
_a
CARNEGIE DALE
245
_a
QUICK AND EASY WAY TO EFFECTIVE SPEAKING
260
_c
1962
_a
London
_b
Vermilion
300
_a
ix, 273 p.; 20 cm
999
_c
30229
_d
30229